[Event "Titled Tuesday intern op 21st May Late"]
[Site "Chess.com INT"]
[Date "2024.05.21"]
[Round "3"]
[White "Maltsevskaya, Aleksandra"]
[Black "Guillemette, Hugo"]
[Result "1-0"]
[WhiteElo "2392"]
[BlackElo "2002"]
[PlyCount "71"]
[EventDate "2024.05.21"]
[EventType "swiss (blitz)"]
[EventRounds "11"]
[EventCountry "USA"]
[SourceTitle "CB22_2024"]
[SourceDate "2024.05.29"]
[SourceVersion "1"]
[SourceVersionDate "2024.05.29"]
[SourceQuality "1"]

1. Nf3 c5 2. g3 b6 3. Bg2 Bb7 4. 0-0 e6 5. d3 Nf6 6. Nbd2 d6 7. e4 Be7 8. a4 0-0 9. a5 b5 10. Nh4 a6 11. Re1 Nbd7 12. e5 Nd5 13. exd6 Bxh4 14. gxh4 Rb8 15. Ne4 h6 16. c4 Nb4 17. Be3 bxc4 18. dxc4 Bxe4 19. Bxe4 Qxh4 20. Bg2 Qxc4 21. Rc1 Qb5 22. Qg4 Ne5 23. Qg3 Ng6 24. Rxc5 Qa4 25. Be4 Qb3 26. Bxg6 fxg6 27. Qxg6 Rf6 28. Qg4 Qd3 29. Kh1 Rg6 30. Qc4 Qxc4 31. Rxc4 Nd5 32. d7 Rf6 33. Rc8+ Rf8 34. Rxb8 Rxb8 35. Rc1 Ne7 36. Bb6 1-0

[Event "Titled Tuesday intern op 21st May Late"]
[Site "Chess.com INT"]
[Date "2024.05.21"]
[Round "1"]
[White "Maltsevskaya, Aleksandra"]
[Black "Rouast, Joseph"]
[Result "1-0"]
[WhiteElo "2392"]
[BlackElo "2105"]
[PlyCount "57"]
[EventDate "2024.05.21"]
[EventType "swiss (blitz)"]
[EventRounds "11"]
[EventCountry "USA"]
[SourceTitle "CB22_2024"]
[SourceDate "2024.05.29"]
[SourceVersion "1"]
[SourceVersionDate "2024.05.29"]
[SourceQuality "1"]

1. Nf3 Nf6 2. g3 g6 3. Bg2 Bg7 4. 0-0 0-0 5. c4 c6 6. d4 d5 7. Nbd2 Bf5 8. a4 Nbd7 9. a5 b6 10. Ne5 Nxe5 11. dxe5 Ne4 12. Nxe4 Bxe4 13. Bxe4 dxe4 14. Qc2 Qd4 15. Bf4 Bxe5 16. Rfd1 Qxb2 17. Qxe4 Qxa1 18. Rxa1 Bxa1 19. axb6 axb6 20. Qxc6 Bd4 21. Qe4 Bc5 22. Bh6 Rfd8 23. e3 e6 24. Bg5 Rd1+ 25. Kg2 Re8 26. h4 h5 27. Bf6 Rd7 28. Qc6 Ree7 29. Qc8+ 1-0

[Event "Titled Tuesday intern op 21st May Late"]
[Site "Chess.com INT"]
[Date "2024.05.21"]
[Round "2"]
[White "Sjugirov, Sanan"]
[Black "Maltsevskaya, Aleksandra"]
[Result "1-0"]
[WhiteElo "2691"]
[BlackElo "2392"]
[PlyCount "35"]
[EventDate "2024.05.21"]
[EventType "swiss (blitz)"]
[EventRounds "11"]
[EventCountry "USA"]
[SourceTitle "CB22_2024"]
[SourceDate "2024.05.29"]
[SourceVersion "1"]
[SourceVersionDate "2024.05.29"]
[SourceQuality "1"]

1. e4 c6 2. d4 d5 3. e5 Bf5 4. h4 h5 5. c4 e6 6. Nc3 Ne7 7. Bg5 dxc4 8. Bxc4 Nd7 9. Nge2 Nb6 10. Bb3 Qd7 11. Ng3 Rd8 12. Nxf5 exf5 13. d5 cxd5 14. 0-0 Rc8 15. Re1 Ng6 16. Nxd5 Nxd5 17. Bxd5 Rc5 18. Bxf7+ 1-0

[Event "Swiss Queens Wed #16"]
[Site "FIDE Online Arena INT"]
[Date "2024.05.15"]
[Round "10"]
[White "Gunina, Valentina"]
[Black "Maltsevskaya, Aleksandra"]
[Result "1-0"]
[WhiteElo "2437"]
[BlackElo "2392"]
[PlyCount "121"]
[EventDate "2024.05.15"]
[EventType "swiss (blitz)"]
[EventRounds "11"]
[EventCountry "NET"]
[SourceTitle "CB21_2024"]
[SourceDate "2024.05.22"]
[SourceVersion "1"]
[SourceVersionDate "2024.05.22"]
[SourceQuality "1"]

1. d4 Nf6 2. c4 c5 3. d5 b5 4. cxb5 a6 5. bxa6 e6 6. dxe6 fxe6 7. Nc3 Be7 8. e4 0-0 9. Nf3 d5 10. exd5 exd5 11. Bd3 d4 12. Ne4 Bxa6 13. 0-0 c4 14. Nxf6+ Bxf6 15. Be4 Ra7 16. Re1 d3 17. Rb1 Re8 18. Bd5+ Kh8 19. Rxe8+ Qxe8 20. Ng5 Re7 21. Nf3 Nd7 22. Be3 h6 23. Qd2 Ne5 24. Nd4 Ng4 25. Nf5 Re5 26. Bf3 Nxh2 27. Kxh2 Rxf5 28. Kg1 Re5 29. Bd4 Re6 30. Qc3 Qe7 31. Rd1 Bxd4 32. Qxd4 Re1+ 33. Rxe1 Qxe1+ 34. Kh2 Qe7 35. Qf4 g5 36. Qd4+ Kg8 37. Qd5+ Kg7 38. Qd4+ Kf8 39. Qh8+ Kf7 40. Bh5+ Ke6 41. Qxh6+ Qf6 42. Bg4+ Ke5 43. Qxf6+ Kxf6 44. Kg1 Ke5 45. Bd1 Kd4 46. g3 c3 47. bxc3+ Kxc3 48. f4 gxf4 49. gxf4 Bc4 50. a4 Kd2 51. Bh5 Ke3 52. f5 d2 53. Bd1 Kd3 54. f6 Ke3 55. a5 Be2 56. f7 Bxd1 57. f8Q Bf3 58. Qc5+ Ke2 59. Qf2+ Kd1 60. Qxf3+ Kc1 61. a6 1-0

[Event "Titled Tuesday intern op 14th May Late"]
[Site "Chess.com INT"]
[Date "2024.05.14"]
[Round "7"]
[White "Belli, Giorgio"]
[Black "Maltsevskaya, Aleksandra"]
[Result "0-1"]
[WhiteElo "2139"]
[BlackElo "2393"]
[PlyCount "100"]
[EventDate "2024.05.14"]
[EventType "swiss (blitz)"]
[EventRounds "11"]
[EventCountry "USA"]
[SourceTitle "CB21_2024"]
[SourceDate "2024.05.22"]
[SourceVersion "1"]
[SourceVersionDate "2024.05.22"]
[SourceQuality "1"]

1. e4 c5 2. Nf3 e6 3. d4 cxd4 4. Nxd4 Nc6 5. Nc3 Nf6 6. Be2 Bb4 7. 0-0 Bxc3 8. bxc3 Nxe4 9. Nxc6 bxc6 10. Qd4 d5 11. Qxg7 Qf6 12. Qxf6 Nxf6 13. c4 Rg8 14. Bb2 Ne4 15. cxd5 cxd5 16. Bd3 Nc5 17. Bxh7 Rg5 18. Bd3 a5 19. Bc1 Rg8 20. Bb5+ Bd7 21. Bxd7+ Kxd7 22. Be3 Ne4 23. Rab1 Rac8 24. Rb7+ Rc7 25. Rxc7+ Kxc7 26. Rb1 Nc3 27. Rb3 Nxa2 28. Bb6+ Kc6 29. Bxa5 Nc1 30. Rf3 Ra8 31. Be1 Ra1 32. Kf1 f5 33. h4 d4 34. h5 d3 35. cxd3 Nb3 36. Ke2 Nd4+ 37. Kf1 Nxf3 38. gxf3 Kd5 39. Ke2 e5 40. f4 e4 41. dxe4+ Kxe4 42. f3+ Kxf4 43. Bd2+ Kg3 44. h6 Rh1 45. Be1+ Kg2 46. Bd2 Rh5 47. Bf4 Rh3 48. Bg5 Rxf3 49. Bf6 Rh3 50. Bg5 Kg3 0-1

[Event "Titled Tuesday intern op 14th May Late"]
[Site "Chess.com INT"]
[Date "2024.05.14"]
[Round "4"]
[White "Maltsevskaya, Aleksandra"]
[Black "Da Silva, Lucas Pereira Mende"]
[Result "0-1"]
[WhiteElo "2393"]
[BlackElo "2060"]
[PlyCount "110"]
[EventDate "2024.05.14"]
[EventType "swiss (blitz)"]
[EventRounds "11"]
[EventCountry "USA"]
[SourceTitle "CB21_2024"]
[SourceDate "2024.05.22"]
[SourceVersion "1"]
[SourceVersionDate "2024.05.22"]
[SourceQuality "1"]

1. Nf3 d5 2. g3 Nf6 3. Bg2 e6 4. 0-0 Be7 5. d3 0-0 6. Nbd2 Nc6 7. e4 e5 8. exd5 Nxd5 9. Nc4 f6 10. c3 Bg4 11. a4 Qd7 12. Qb3 Rab8 13. Re1 Kh8 14. Ne3 Nxe3 15. Bxe3 Qxd3 16. Rad1 Qf5 17. Nh4 Qc8 18. Bd5 Na5 19. Qc2 f5 20. Ng2 Nc6 21. f3 Bh3 22. Qd2 Qe8 23. Bg5 Bc5+ 24. Kh1 Qh5 25. Qe2 Qxg5 26. f4 Bxg2+ 27. Qxg2 exf4 28. Bxc6 bxc6 29. b4 Be3 30. gxf4 Qxg2+ 31. Kxg2 Bxf4 32. Re6 Bd6 33. Rde1 Kg8 34. a5 Kf7 35. R6e2 Rbe8 36. Rxe8 Rxe8 37. Rc1 g6 38. Kf3 Re4 39. c4 Bxb4 40. Rd1 Bd6 41. c5 Bxc5 42. Rd7+ Ke6 43. Rxc7 Kd6 44. Rxh7 Ra4 45. Rg7 Rxa5 46. Rxg6+ Kd5 47. Rf6 Bd6 48. Rxf5+ Be5 49. h4 Ra4 50. h5 Rh4 51. Kg2 Ke6 52. Rg5 a5 53. Rg6+ Kd5 54. h6 a4 55. Rg4 Rxg4+ 0-1

[Event "Swiss Queens Wed #15"]
[Site "FIDE Online Arena INT"]
[Date "2024.05.08"]
[Round "2"]
[White "Maltsevskaya, Aleksandra"]
[Black "Petrova, Irina"]
[Result "1-0"]
[WhiteElo "2393"]
[BlackElo "2109"]
[PlyCount "55"]
[EventDate "2024.05.08"]
[EventType "swiss (blitz)"]
[EventRounds "11"]
[EventCountry "NET"]
[SourceTitle "CB20_2024"]
[SourceDate "2024.05.16"]
[SourceVersion "1"]
[SourceVersionDate "2024.05.16"]
[SourceQuality "1"]

1. e4 e6 2. d4 d5 3. Nd2 dxe4 4. Nxe4 Nf6 5. Bd3 b6 6. Bg5 Be7 7. Bxf6 Bxf6 8. Qf3 c6 9. Ne2 Ba6 10. Bxa6 Nxa6 11. Nxf6+ Qxf6 12. Qxc6+ Ke7 13. Qb7+ Kd6 14. Qxa6 Rhc8 15. c3 Ke7 16. 0-0 Kf8 17. Ng3 Qe7 18. Rae1 Qd6 19. f4 h6 20. f5 Kg8 21. fxe6 fxe6 22. Qe2 a6 23. Qxe6+ Qxe6 24. Rxe6 b5 25. Re7 b4 26. Nh5 g6 27. Nf6+ Kh8 28. Rh7# 1-0

[Event "Swiss Queens Wed #15"]
[Site "FIDE Online Arena INT"]
[Date "2024.05.08"]
[Round "7"]
[White "Osmak, Iulija"]
[Black "Maltsevskaya, Aleksandra"]
[Result "0-1"]
[WhiteElo "2460"]
[BlackElo "2393"]
[PlyCount "88"]
[EventDate "2024.05.08"]
[EventType "swiss (blitz)"]
[EventRounds "11"]
[EventCountry "NET"]
[SourceTitle "CB20_2024"]
[SourceDate "2024.05.16"]
[SourceVersion "1"]
[SourceVersionDate "2024.05.16"]
[SourceQuality "1"]

1. b3 Nc6 2. Bb2 d5 3. e3 Nf6 4. Nf3 g6 5. Be2 Bg7 6. 0-0 0-0 7. d4 Bg4 8. c4 dxc4 9. Bxc4 e5 10. dxe5 Nd7 11. Nc3 Ndxe5 12. Be2 Bxf3 13. Bxf3 Nd3 14. Qc2 Ncb4 15. Qd2 Nxb2 16. Qxb2 Qf6 17. a3 Nd3 18. Qd2 Qxc3 19. Qxc3 Bxc3 20. Rad1 Ne5 21. Bxb7 Rab8 22. Bd5 c6 23. Bc4 Nxc4 24. bxc4 Rb3 25. Rd3 Rfb8 26. g3 Be5 27. Rxb3 Rxb3 28. a4 Rb4 29. Rd1 Rxc4 30. Rd7 Rxa4 31. Kg2 c5 32. f4 Bf6 33. g4 h6 34. Kg3 Ra3 35. Kf3 Bd4 36. Re7 a5 37. Ke2 Rxe3+ 38. Rxe3 Bxe3 39. Kxe3 a4 40. Kd3 Kf8 41. Kc4 Ke7 42. h4 Ke6 43. Kxc5 a3 44. Kd4 a2 0-1

[Event "Swiss Queens Wed #15"]
[Site "FIDE Online Arena INT"]
[Date "2024.05.08"]
[Round "3"]
[White "Padmini, Rout"]
[Black "Maltsevskaya, Aleksandra"]
[Result "1-0"]
[WhiteElo "2336"]
[BlackElo "2393"]
[PlyCount "67"]
[EventDate "2024.05.08"]
[EventType "swiss (blitz)"]
[EventRounds "11"]
[EventCountry "NET"]
[SourceTitle "CB20_2024"]
[SourceDate "2024.05.16"]
[SourceVersion "1"]
[SourceVersionDate "2024.05.16"]
[SourceQuality "1"]

1. c4 Nf6 2. Nc3 g6 3. g3 Bg7 4. Bg2 0-0 5. Nf3 d6 6. 0-0 Nbd7 7. d3 e5 8. Bd2 a5 9. a3 Ne8 10. b4 f5 11. Rb1 axb4 12. axb4 Nef6 13. Qc2 f4 14. Ra1 Rxa1 15. Rxa1 fxg3 16. hxg3 Nh5 17. Ra8 Nb6 18. Ra7 c6 19. c5 dxc5 20. bxc5 Nd7 21. Qa2+ Kh8 22. Ng5 Qe7 23. Nce4 Ndf6 24. Nd6 Nd5 25. Bxd5 cxd5 26. Qxd5 h6 27. Ndf7+ Rxf7 28. Nxf7+ Kh7 29. Nd6 Be6 30. Qxb7 Qf6 31. Qe7 Bd5 32. Qxf6 Nxf6 33. Bc3 Ng4 34. Ne8 1-0

[Event "Swiss Queens Wed #14"]
[Site "FIDE Online Arena INT"]
[Date "2024.05.01"]
[Round "8"]
[White "Maltsevskaya, Aleksandra"]
[Black "Yurukova, Ginka"]
[Result "1-0"]
[WhiteElo "2393"]
[BlackElo "1578"]
[PlyCount "49"]
[EventDate "2024.05.01"]
[EventType "swiss (blitz)"]
[EventRounds "11"]
[EventCountry "NET"]
[SourceTitle "CB19_2024"]
[SourceDate "2024.05.08"]
[SourceVersion "1"]
[SourceVersionDate "2024.05.08"]
[SourceQuality "1"]

1. Nf3 d5 2. h3 c6 3. g4 h6 4. Bg2 Nf6 5. d3 Nbd7 6. 0-0 e6 7. Re1 Bd6 8. e4 dxe4 9. dxe4 Ne5 10. Nbd2 Nxf3+ 11. Qxf3 e5 12. Nc4 Qc7 13. Rd1 Be7 14. Qg3 Nd7 15. g5 hxg5 16. Bxg5 Bxg5 17. Qxg5 0-0 18. Kh1 f6 19. Qg6 b5 20. Nd6 Nc5 21. Nf5 Bxf5 22. exf5 Ne6 23. fxe6 Qe7 24. Bxc6 Rad8 25. Rd7 1-0